000 00819nam a2200229Ia 4500
005 20260430150814.0
008 008 250103s9999 xx 000 0 hin d
037 _aTheses
040 _aCRL
040 _bhin
040 _chin
041 _2hin
041 _ahin
084 _qCRL
100 _aअलका, ले.
245 0 _aदलित धार्मिक परिवर्तन के विभिन्न आयाम: हरियाणा राज्य के विशष सन्दर्भ में
260 _c2024
300 _a221पृ.
700 _aदिल्ली विश्वविद्यालय. समाजिक विज्ञान. राजनीतिक विज्ञान विभाग
_91238369
942 _cTH
999 _c1850858
_d1850858